000 00774nab a2200241 u 4500
001 16601
003 HDC
007 cr bn ---aaaaa
008 210221c |r|noo 0 a d
040 _aHDC
245 0 _a1st Syariah-compliant insurer in UK opens
260 _aBrunei :
_bBrunei Times PLC,
_c2008
336 _atext
_2rdacontent
337 _acomputer
_2rdamedia
338 _aonline resource
_2rdacarrier
650 _aInsurance company
_916337
650 _aSyariah-compliant
_912332
710 _aThe Brunei Times
856 _zRequest full-text at [email protected]
942 _2lcc
942 _cNEWS
942 _kNWSO 009197
999 _c13917
_d13917